Französischsprachige Länder - Statistiken

Allgemein
  • Dieses Quiz wurde 407 mal gespielt
  • Das Durchschnittsergebnis liegt bei 15 aus 29
Antwortstatistiken
% Länder % Korrekt
97% Frankreich
99%
75% Belgien
90%
67% Schweiz
81%
92% Luxemburg
76%
33% Algerien
72%
35% Marokko
69%
29% Kanada
67%
97% Monaco
67%
70% Andorra
66%
52% Tunesien
65%
26% Senegal
62%
51% Demokratische Republik Kongo
61%
33% Elfenbeinküste
61%
59% Republik Kongo
61%
25% Guinea
57%
41% Kamerun
56%
40% Togo
52%
33% Benin
47%
66% Gabun
40%
28% Zentralafrikanische Republik
36%
73% Mauritius
35%
42% Haiti
33%
29% Äquatorial-Guinea
30%
26% Komoren
30%
53% Seychellen
30%
50% Dschibuti
19%
38% Libanon
13%
32% Vanuatu
11%
25% Portugal
9%
Keine übereinstimmenden Quizze gefunden
Verteilung der Resultate
Anzahl Personen mit jedem Resultat
Perzentil nach korrekt beantworteten Fragen
Ihre Resultats-Entwicklung
Sie haben dieses Quiz noch nicht gespielt